| 000 | 00834cam a22002533a 4500 | ||
|---|---|---|---|
| 001 | 13215 | ||
| 003 | PGUSA | ||
| 005 | 20140828083302.0 | ||
| 008 | 040818s2004||||xxu|||||s|||||000 1 eng d | ||
| 040 |
_aPGUSA _beng |
||
| 042 | _adc | ||
| 050 | 4 | _aPZ | |
| 100 | 1 |
_aCrake, A. D. _q(Augustine David), _d1836-1890 |
|
| 245 | 1 | 0 |
_aEdwy the Fair or the First Chronicle of Aescendune : _bA Tale of the Days of Saint Dunstan _h[electronic resource] / _cA. D. Crake |
| 260 |
_bProject Gutenberg, _c2004 |
||
| 506 | _aPublic domain in the USA. | ||
| 516 | _aElectronic text | ||
| 653 | _aHistorical fiction | ||
| 653 | _aDunstan, Saint, 909-988 -- Juvenile fiction | ||
| 653 | _aEdwy, King of England, d. 959 -- Juvenile fiction | ||
| 830 | 0 |
_aProject Gutenberg _v13215 |
|
| 856 | 4 | 0 | _uhttp://www.gutenberg.org/ebooks/13215 |
| 942 | _cEB | ||
| 999 |
_c242470 _d242470 |
||